• 首页
  • 本馆介绍
  • 公告通知
  • 最新文献
  • 馆藏检索
  • 电子资源
  • 读者导购
  • 参考咨询
  • 我的图书馆
  • 登录
  • 详细信息显示
  • 放入我的书架
  • 预约/预借图书
  • 作者相关作品
  • 分类相关作品
  • 丛书相关作品
  • 出版社相关作品

书目信息

  • 表格格式
  • 工作单格式
  • 卡片格式
题名:
无调式的辩证想象
    
 
作者: 张一兵 著
分册:  
出版信息: 南京   江苏人民出版社  2016.09
页数: 334页
开本: 23cm
丛书名: 凤凰文库
单 册:
中图分类: B089.1 , B516.7
科图分类:
主题词: 法兰克福学派 , 否定(哲学)--辩证法--研究
电子资源:
ISBN: 978-7-214-17175-7
000 01262oam2 2200349 450
001 0120162032256
005 20170908091239.43
010    @a978-7-214-17175-7@dCNY58.00
100    @a20161020d2016 em y0chiy50 ea
101 0  @achi
102    @aCN@b320000
105    @ay z 001yy
106    @ar
200 1  @a无调式的辩证想象@9wu tiao shi de bian zheng xiang xiang@e阿多诺《否定的辩证法》的文本学解读@f张一兵著
205    @a2版
210    @a南京@c江苏人民出版社@d2016.09
215    @a334页@d23cm
225 2  @a凤凰文库@i马克思主义研究系列
300    @a国家哲学社会科学基金规划项目
308    @a丛书一
330    @a本书除引言外,包括否定辩证法的理论前提、面对概念与范畴的否定的辩证法、否定辩证法的历史模式等四章,主要内容包括:哲人阿多诺其人其事;“被管理的世界”:工具理性对社会生活的渗透等。
333    @a哲学研究者
462  0 @12001 @a马克思主义研究系列
517 1  @a阿多诺《否定的辩证法》的文本学解读@9a duo nuo 《fou ding de bian zheng fa 》de wen ben xue jie du
605    @a《否定的辩证法》@x研究
606 0  @a法兰克福学派
606 0  @a否定(哲学)@x辩证法@x研究
690    @aB089.1@v5
690    @aB516.7@v5
701  0 @a张一兵@9zhang yi bing@4著
801  0 @aCN@b人天书店@c20161020
905    @b993704-09@dB089.1@e76=2@f6
    
    无调式的辩证想象:阿多诺《否定的辩证法》的文本学解读/张一兵著.-2版.-南京:江苏人民出版社,2016.09
    334页;23cm.-(凤凰文库.马克思主义研究系列)
    国家哲学社会科学基金规划项目.-使用对象:哲学研究者
    
    ISBN 978-7-214-17175-7:CNY58.00
    本书除引言外,包括否定辩证法的理论前提、面对概念与范畴的否定的辩证法、否定辩证法的历史模式等四章,主要内容包括:哲人阿多诺其人其事;“被管理的世界”:工具理性对社会生活的渗透等。
●
相关链接 在E读中查询图书 在五车中查询图书 在当当中查询图书 在豆瓣中查询图书


正题名:无调式的辩证想象     索取号:B089.1/76=2         预约/预借

序号 登录号 条形码 馆藏地/架位号 状态 备注
1 993704   209937041   第一样本阅览室/ [索取号:B089.1/76=2] 在馆    
2 993705   209937050   密集书库-史法系/ [索取号:B089.1/76=2] 在馆    
3 993706   209937069   第一借阅区/ [索取号:B089.1/76=2] 在馆    
4 993707   209937078   第一借阅区/ [索取号:B089.1/76=2] 在馆    
5 993708   209937087   第一借阅区/ [索取号:B089.1/76=2] 在馆    
6 993709   209937096   第一借阅区/ [索取号:B089.1/76=2] 在馆    
唐山师范学院图书馆 欢迎您!
大连网信软件有限公司© 版权所有